000 00424nam a2200181Ia 4500
001 12736
005 20260306163003.0
008 260306t2000||||xx |||||||||||||| ||spa||
041 _aESP
082 _aRD 103
_bB85 2000
100 _aBrugger, Walter
_eAUT
245 0 _aDiccionario de filosofía
260 _c2000
300 _a734 páginas :
_c22 cm.
650 _aGEN
654 _aCHU
942 _cDIC
_dJUS
_fJUS
_2ddc
_n
999 _c12736
_d12736